[Event "Budapest FS11 Nadassy"]
[Site "Budapest"]
[Date "2022.11.06"]
[Round "2"]
[White "Ge, William"]
[Black "Kahn, Evarth"]
[Result "1-0"]
[WhiteElo "1885"]
[BlackElo "2059"]
[PlyCount "71"]
[EventDate "2022.11.05"]
[EventType "schev"]
[EventRounds "9"]
[EventCountry "HUN"]
[SourceTitle "CBM 211 Extra"]
[Source "ChessBase"]
[SourceDate "2023.01.31"]
[SourceVersion "1"]
[SourceVersionDate "2023.01.31"]
[SourceQuality "1"]
[WhiteTeam "Team Lower Elo"]
[BlackTeam "Team Higher Elo"]
[WhiteTeamCountry "HUN"]
[BlackTeamCountry "HUN"]

1. e4 Nf6 2. e5 Nd5 3. d4 d6 4. c4 Nb6 5. exd6 cxd6 6. Nf3 g6 7. Be2 Bg7 8. 0-0 0-0 9. Nc3 Nc6 10. Be3 Bg4 11. b3 d5 12. c5 Nc8 13. h3 Bxf3 14. Bxf3 e6 15. Qd2 N8e7 16. Rad1 Nf5 17. Ne2 b6 18. Bg4 bxc5 19. dxc5 d4 20. Bxf5 dxe3 21. Qxe3 Qa5 22. Be4 Rac8 23. Rd2 e5 24. Qc3 Qxc3 25. Nxc3 f5 26. Bxc6 Rxc6 27. Na4 a5 28. Rfd1 Rfc8 29. Rd8+ Bf8 30. Rxc8 Rxc8 31. Kf1 Rc7 32. Rc1 e4 33. Ke2 f4 34. Rc4 g5 35. c6 Kf7 36. Nc3 1-0